♫ "Wow, I'm Not Crazy" - Lyrics - AJR ♫ - Statistics

General Stats
  • This quiz has been taken 126 times
  • The average score is 252 of 314
Answer Stats
Lyric % Correct
I
100%
I'm
100%
crazy"
98%
crazy
98%
no
98%
not
98%
"Wow,
98%
"Wow"
98%
And
93%
and
93%
me
93%
me,
93%
the
93%
you
91%
it
89%
it's
89%
just
89%
like,
89%
like
89%
of
89%
to
89%
But
87%
clowns
87%
down
87%
get
87%
get-togethers
87%
scared
87%
Don't
85%
Frankly,
85%
talk,
85%
when
85%
When
85%
be
84%
kill
84%
too
84%
messenger
82%
so
78%
'cause
76%
'Cause
76%
different
76%
different,
76%
my
76%
They
76%
go
75%
Oh,
75%
took
75%
vitamins
75%
all
73%
one
73%
sick,
73%
tell
73%
in
69%
told
69%
us
69%
could
67%
far
67%
already
64%
feel
64%
your
64%
"Hey,
62%
same
62%
say
62%
insane,
58%
insane
58%
kinda
56%
went
56%
Yeah,
56%
suddenly,
55%
suddenly
55%
temperature
55%
You're
53%
(Yep,
49%
yep,
49%
yep)
49%
I've
33%
this
33%
never
31%
seen
31%
before
29%
quite
29%
someone
29%
strange
29%
take
27%
delight
22%
No matching quizzes found
Score Distribution
Percent of People with Each Score
Percentile by Number Answered
Your Score History
You have not taken this quiz